00858nam a22002297a 45000010005000000030007000050050017000120080041000290200019000700400033000890500016001220820011001381000031001492450043001802600037002233000025002605050007002855200277002925210018005695210018005877000023006054134FISKH 20240611104833.0240611b cb ||||| |||| 00| 0 eng d a9781407147826  aFISKH beng cFISKH dFISKH  aPZ7.S96694  a813.6  aT. Sutherland Tui d1978-  aThe dark secret / cTui T. Sutherland  aNew York : bScholastic, c2014  a329 pages : c21 cm  aF  aWhen Starflight, one of the dragonets of destiny, is kidnapped by the NightWings he finds that the kingdom of his birth is a miserable place, full of terrible secrets--and that, with his fellow dragonets too far away to help, the fate of two kingdoms rests in his talons. 8 a380 bLexile 8 aF bRaz-Plus  aTui T. Sutherland